00570nam a2200169 i 450000100060000000300090000600500170001500700030003200800410003510000340007624500510011026000360016130000320019785200320022999900170026195201220027867980ES-MaACL20230906170200.0t|040217s1973 sp ||||1| spa d1 aGallego Vila, Alfonso.95359110aAyer está a volver / cAlfonso Gallego Vila. aLa Coruña : bMoret, c[1973] a116 p., 3 lám. ; c19 cm. aES-MaACLjC-52871 bR.86209 c67980d67980 00104070aATENEOMbATENEOMcDEPO2d2008-01-17eSCl0oC-52871p1071172r2023-02-23 00:00:00w2023-02-23yMONOGRAFIA